MDQL
is popping MORE tags! Check the
thread
!
Quizzes
Events
Quiz Creation
Community
Videos
Private Events
Remove Ads
Sign In
Join for FREE
Feedback
Dark Mode
Quiz Categories
Sports
Geography
Music
Movies
Television
Just For Fun
Miscellaneous
History
Literature
Language
Science
Gaming
Entertainment
Religion
Holiday
For Kids
Quiz Lab
Recent
Popular Today
Quiz Kudos Today
Editor Picks
Curator Picks
Quizzes by...
Day
Popularity
Type
Ratings
Length
Year
Community
Subscriptions
Recent Discussions
Orange Saloon
Badges
Playlists
Quests
Create
Leaderboards
Showdown
Live 5
Trivia Bingo
Activity
Puzzle Library
Sporcle Events
Private Events
Virtual Trivia
Globe League
Become a Host
Pub Owners
SporcleCon
Opinionation
Our Games
Videos
Blog
Mobile Apps
Partnerships
Remove Ads and Go Orange
Feedback
Gaming
Video Games
Board Games
Card Games
Pokémon
Mario
Nintendo
Minecraft
Console
Toys
Legend of Zelda
Gaming
Video Games
Board Games
Card Games
Pokémon
Mario
Nintendo
Minecraft
Console
Toys
Legend of Zelda
Random Quiz
Search Sporcle
×
Quiz Lab
Quiz Lab
Gaming
Video Games
Type in answers that appear in a list
Type in answers that appear in a list
Classic
Best Score? Go Orange.
Top selling PS3 games Stats
Can you name the Top selling PS3 games (All Time)?
By
j_nasty_3000
5m
24 Questions
208 Plays
208 Plays
208 Plays
Comments
Comments
Give Quiz Kudos
Give Quiz Kudos
-
- Ratings
hide this ad
More Info
Replay
Link that replays current quiz
Next Quiz
Link to next quiz in quiz playlist
You Got
0%
They Got
Avg Score
31%
Avg Friend Score
Upgrade to see
Score Distribution
Jump to the score distribution portion of the page
Score
0/24
Timer
05:00
1
Play Today
Copies sold (millions)
Game
% Correct
3.27
Call of Duty: Black Ops
63.5%
2.73
Grand Theft Auto IV
57.7%
2.6
Uncharted: Drake's Fortune
54.8%
1.98
Call of Duty 4: Modern Warfare
53.4%
3.8
Uncharted 2: Among Thieves
51.4%
4.8
Call of Duty: Modern Warfare 2
51%
3.8
Uncharted 3: Drake's Deception
49.5%
3
LittleBigPlanet
45.7%
1.46
God of War III
37.5%
7.43
Gran Turismo 5
37%
3
Metal Gear Solid 4: Guns of the Patriots
36.5%
1.83
Call of Duty: World at War
26.9%
Copies sold (millions)
Game
% Correct
1.99
InFamous
24.5%
1.35
Red Dead Redemption
24%
2
Killzone 2
23.6%
2.5
Resistance: Fall of Man
22.6%
1.7
Heavy Rain
19.7%
2.89
Final Fantasy XIII
18.8%
1.25
Ratchet & Clank Future: Tools of Destruction
17.8%
1
Ratchet & Clank Future: A Crack in Time
17.3%
1.62
Resident Evil 5
14.4%
3.31
MotorStorm
8.7%
1.5
Heavenly Sword
6.7%
1
MotorStorm: Pacific Rift
3.4%
Quiz Playlist
Details
Report
Send in Message
Add To Playlist
More Info:
These are the top PS3 games sold of all time as of March 16, 2012. This is only the games in the millions.
Classic:
Type in answers that appear in a list
Last Updated: Feb 16, 2017
Quiz Scoreboard
CHALLENGE
Sign Up to Join the Scoreboard
Show All
Scores
Hide
Comments
May contain spoilers
Recently Published
1-10 Letter E Words III
by El_Dandy
Language
2m
Street Fighter Characters
by Artimus82
Gaming
60s
College Basketball Coaching Resumes
by pancakes188
Sports
9m
More to Explore
Quiz From the Vault
Featured Blog Post
Where Did the Easter Bunny Come From?
hide this ad
You Might Also Like...
Tags
Video Games Quiz
Playstation
Sony Consoles
Top-Selling
Today's Top Quizzes in Gaming
Browse Gaming
hide this ad
Today's Top Quizzes in Video Games
Browse Video Games
Top Contributed Quizzes in Gaming
1
5-to-1: Consoles
2
7-to-1: Board Game Piece Blitz
3
5-to-1: Legend of Zelda
4
League of Legends Pro Players by Career/Team History
5
Destiny 2 exotic weapons by perk icons
6
Ultimate Genshin Impact Logic Puzzle (up to 4.3)
7
Quick Pick: Video Games Lost in Translation
8
Franchise by Action Figure
9
Who's on the WWE 2K24 Cover?
10
Genshin Impact Logic Puzzle Quiz
Explore More
Trending Topics
Marvel
Harry Potter
Disney
Kpop
Anime
Crossword
NBA
Puzzle
WWE
Country
Pokémon
Song
The Office
Soccer
NFL
hide this ad
More By:
j_nasty_3000
Quiz
Plays
Rating
Category
Featured
Created
50 point games (2000s)
5,269
4.16
Sports
May 14, 2011
Most Home Runs at Old Yankee Stadium
4,311
4.29
Sports
Apr 22, 2011
MLB 2013: Home Game Attendance Minefield
2,871
2.71
Sports
Sep 29, 2013
Detroit Sports All Stars (2000-2014)
2,186
4.13
Sports
Jan 21, 2013
Who has more home runs? (active)
803
4.50
Sports
May 22, 2013
Go to Creator's Profile
Score Distribution
Quiz Creator Spotlight
j_nasty_3000
Follow
Send a Message
Quizzes Created
-
Created Quiz Play Count
-
More By This Creator
Popular Quizzes Today
1
Find the US States - No Outlines Minefield
2
Find the Countries of Europe - No Outlines Minefield
3
The Countries of the World
4
Find the US States
5
Risky Map Clicking: Biggest States A-Z
6
US States
7
Popular People in 1961
8
Movies - When Are They Set?
More Gaming Quizzes
Missing Letter: Minecraft Blocks
Curator's Pick
Trending Quizzes
Risky Map Clicking: Least Populous States A-Z
1-10 Letter G Words
1-10 Letter F Words
Countries of the World: 200 Million BC
Risky Map Clicking: Next State Alphabetically
Recently Updated
Beyoncé Albums
pecheneg
Leaping Animals
pecheneg
Reality TV Shows (A-Z)
bhenderson79
Rickey Henderson's Hall of Fame Teammates
pecheneg
Champions League XIs: Arsenal
pecheneg
Quick Pick: Celebrities in WWE's Hall of Fame
aduchscher
A-Z Keypad Blitz II
pecheneg
Multiple Oscar Actors
pecheneg
Mystery Phrase Blitz: Oscar 'Best Actors'
pecheneg
F. Scott Fitzgerald Novels
LTH
Trending Topics
Anime
Disney
Crossword
Kpop
NBA
Harry Potter
Marvel
Pokémon
Soccer
Puzzle
NFL
The Office
Song
WWE
Country
Your Account Isn't Verified!
In order to create a playlist on Sporcle, you need to verify the email address you used during registration. Go to your
Sporcle Settings
to finish the process.
Report this User
Report this user for behavior that violates our
Community Guidelines
.
Details:
Send Report
Go to the Sporcle.com Mobile Site →
Comments